<?xml version="1.0" encoding="UTF-8"?>
<record
    xmlns:xsi="http://www.w3.org/2001/XMLSchema-instance"
    xsi:schemaLocation="http://www.loc.gov/MARC21/slim http://www.loc.gov/standards/marcxml/schema/MARC21slim.xsd"
    xmlns="http://www.loc.gov/MARC21/slim">

  <leader>00521nam a22001697a 4500</leader>
  <datafield tag="999" ind1=" " ind2=" ">
    <subfield code="c">90524</subfield>
    <subfield code="d">90524</subfield>
  </datafield>
  <controlfield tag="005">20220331121057.0</controlfield>
  <controlfield tag="008">170127b        xxu||||| |||| 00| 0 eng d</controlfield>
  <datafield tag="020" ind1=" " ind2=" ">
    <subfield code="a">0702005363</subfield>
  </datafield>
  <datafield tag="040" ind1=" " ind2=" ">
    <subfield code="c">PK-LaUMT</subfield>
  </datafield>
  <datafield tag="082" ind1=" " ind2=" ">
    <subfield code="a">615.845</subfield>
    <subfield code="b">SCO-C</subfield>
  </datafield>
  <datafield tag="100" ind1=" " ind2=" ">
    <subfield code="a">Scott, Pauline M.</subfield>
  </datafield>
  <datafield tag="245" ind1=" " ind2=" ">
    <subfield code="a">Clayton's electrotherapy and actinotherapy :</subfield>
    <subfield code="b"> including the Physics of movement aqnd hydrotherapy /</subfield>
    <subfield code="c">Pauline M. Scott</subfield>
  </datafield>
  <datafield tag="250" ind1=" " ind2=" ">
    <subfield code="a">7th ed.</subfield>
  </datafield>
  <datafield tag="260" ind1=" " ind2=" ">
    <subfield code="a">London :</subfield>
    <subfield code="b">Bailliere Tindall,</subfield>
    <subfield code="c">1975</subfield>
    <subfield code="c">reprinted1976</subfield>
  </datafield>
  <datafield tag="300" ind1=" " ind2=" ">
    <subfield code="a">396 p.</subfield>
  </datafield>
  <datafield tag="942" ind1=" " ind2=" ">
    <subfield code="c">BK</subfield>
  </datafield>
  <datafield tag="952" ind1=" " ind2=" ">
    <subfield code="0">0</subfield>
    <subfield code="1">0</subfield>
    <subfield code="4">0</subfield>
    <subfield code="7">0</subfield>
    <subfield code="a">01</subfield>
    <subfield code="b">01</subfield>
    <subfield code="d">2017-01-27</subfield>
    <subfield code="l">4</subfield>
    <subfield code="o">615.845 SCO-C</subfield>
    <subfield code="p">104279</subfield>
    <subfield code="r">2022-07-19 00:00:00</subfield>
    <subfield code="s">2022-06-02</subfield>
    <subfield code="w">2017-01-27</subfield>
    <subfield code="y">T</subfield>
  </datafield>
  <datafield tag="952" ind1=" " ind2=" ">
    <subfield code="0">0</subfield>
    <subfield code="1">0</subfield>
    <subfield code="4">0</subfield>
    <subfield code="7">0</subfield>
    <subfield code="a">HSC</subfield>
    <subfield code="b">HSC</subfield>
    <subfield code="d">2017-01-27</subfield>
    <subfield code="l">4</subfield>
    <subfield code="o">615.845 SCO-C</subfield>
    <subfield code="p">104278</subfield>
    <subfield code="r">2025-12-23 11:40:32</subfield>
    <subfield code="s">2025-12-05</subfield>
    <subfield code="t">C. 2</subfield>
    <subfield code="w">2017-01-27</subfield>
    <subfield code="y">T</subfield>
  </datafield>
</record>
